Word Ladder: Where Food Comes From Quiz Stats

 Plays Quiz Updated Nov 17, 2017

Score 0/18 Timer 02:00
0 Plays Today
Clue 4-Letter Word % Correct
🥑 Land and its buildings where food is grown 🥑 🥑 FARM🥑
97.4%
Angel's instrumentHARP
97.2%
To hurtHARM
95.4%
The outside of a tree BARK
95.1%
A type of fishCARP
94.1%
Existing as a result of birthBORN
93.2%
🥑 A building on a [First Rung] 🥑 🥑 BARN🥑
92.7%
🥑 Common vegetable grown on a [First Rung] 🥑 🥑 CORN🥑
92.1%
A place to get coal or diamondsMINE
91.2%
Clue 4-Letter Word % Correct
Inc. or Ltd. relativeCORP.
90.9%
🥑 Cow product on a [First Rung] 🥑 🥑 MILK🥑
90.4%
Valuable furMINK
88.6%
🥑 Building to grind grain on a [First Rung] 🥑 🥑 MILL🥑
85.4%
The flat surface in front of a windowSILL
85.2%
BlemishMARK
83.7%
🥑 Building to store grain on a [First Rung] 🥑 🥑 SILO🥑
80.5%
🥑 Female found on a [First Rung] 🥑🥑 MARE🥑
75.6%
SwampMIRE
74.9%

Today's Daily Dose

Word Ladder
New York

Get the Picture
American Cars

You're not logged in!

Compare scores with friends on all Sporcle quizzes.
OR
Log In

You Might Also Like...

Show Comments

Extras

Top Quizzes Today


Score Distribution

Your Account Isn't Verified!

In order to create a playlist on Sporcle, you need to verify the email address you used during registration. Go to your Sporcle Settings to finish the process.

Report this User

Report this user for behavior that violates our Community Guidelines.

Details: